000 00492nam a2200145Ia 4500
008 100204s9999 xx 000 0 und d
082 _b15008
100 _aसोनग्रा रतनलाल
245 _aअरे सरकार सरकार
260 _b"सुशिल प्रकाशन , मुंबई"
_c1989
300 _a79
630 _aअरे सरकार सरकार
730 _aअरे सरकार सरकार
942 _cBOOK
999 _c459439
_d459436